Tous les blasons de la Lozère - Statistiques

Statistiques générales
  • Ce quiz a été pris 5 fois
  • Le résultat moyen est 18 sur 100
Statistiques - réponses
Par images Réponse % Correct
Marvejols
100%
Mende
100%
Saint-Chély-d'Apcher
75%
Badaroux
50%
Bagnols-les-Bains
50%
Chasseradès
50%
Châteauneuf-de-Randon
50%
Cubières
50%
Cubiérettes
50%
Florac
50%
Ispagnac
50%
La Canourgue
50%
La Salle-Prunet
50%
Le Bleymard
50%
Le Pont-de-Montvert
50%
Saint-Maurice-de-Ventalon
50%
Albaret-le-Comtal
25%
Aumont-Aubrac
25%
Auroux
25%
Balsièges
25%
Banassac
25%
Barre-des-Cévennes
25%
Canilhac
25%
Chanac
25%
Chirac
25%
Fau-de-Peyre
25%
Fontanes
25%
Grandrieu
25%
Javols
25%
Lachamp
25%
Langogne
25%
Le Malzieu-Ville
25%
Le Monastier-Pin-Moriès
25%
Luc
25%
Meyrueis
25%
Montrodat
25%
Naussac-Fontanes
25%
Pelouse
25%
Quézac
25%
Recoules-d'Aubrac
25%
Rimeize
25%
Saint-Alban-sur-Limagnole
25%
Saint-Amans
25%
Sainte-Colombe-de-Peyre
25%
Sainte-Enimie
25%
Saint-Germain-de-Calberte
25%
Saint-Germain-du-Teil
25%
Saint-Pierre-des-Tripiers
25%
Serverette
25%
Altier
0%
Arzenc-de-Randon
0%
Bassurels
0%
Bédouès
0%
Bédouès-Cocurès
0%
Bel-Air-Val-d'Ance
0%
Brion
0%
Cassagnas
0%
Chastanier
0%
Chaudeyrac
0%
Chaulhac
0%
Cheylard-l'Évêque
0%
Cocurès
0%
Fournels
0%
Fraissinet-de-Fourques
0%
Gatuzières
0%
La Bastide-Puylaurent
0%
La Fage-Montivernoux
0%
La Malène
0%
La Tieule
0%
Laval-Atger
0%
Le Massegros
0%
Le Recoux
0%
Le Rozier
0%
Les Laubies
0%
Les Salces
0%
Les Vignes
0%
Moissac-Vallée-Française
0%
Nasbinals
0%
Paulhac-en-Margeride
0%
Pied-de-Borne
0%
Prunières
0%
Rocles
0%
Rousses
0%
Saint-Andéol-de-Clerguemort
0%
Saint-André-Capcèze
0%
Saint-Bauzile
0%
Saint-Bonnet-de-Montauroux
0%
Saint Bonnet-Laval
0%
Sainte-Eulalie
0%
Saint-Frézal-de-Ventalon
0%
Saint-Georges-de-Lévéjac
0%
Saint-Julien-des-Points
0%
Saint-Laurent-de-Trèves
0%
Saint-Laurent-de-Veyrès
0%
Saint-Paul-le-Froid
0%
Saint-Rome-de-Dolan
0%
Saint-Symphorien
0%
Vebron
0%
Vialas
0%
Villefort
0%
Aucun quiz correspondant
Distribution des résultats
% des personnes avec chaque résultat
Percentile par nombre de réponses
Votre historique - résultats
Vous n’avez pas pris ce quiz